The European internal market : trade and competition : selected readings

Αποθηκεύτηκε σε:
Λεπτομέρειες βιβλιογραφικής εγγραφής
Άλλοι συγγραφείς: Jacquemin, Alex (Επιμελητής έκδοσης), Sapir, Andre (Επιμελητής έκδοσης)
Μορφή: Βιβλίο
Γλώσσα:English
Δημοσίευση: Oxford : Oxford University Press, 1989
Θέματα:
Ετικέτες: Προσθήκη ετικέτας
Δεν υπάρχουν, Καταχωρήστε ετικέτα πρώτοι!

MARC

LEADER 00000cam a2200000 i 4500
001 1/66529
008 020524s1989 eng d
020 |a 0-19-877293-9 
035 |l 10001742 
040 |a GR-MY-UA  |b gre  |e aacr 
041 0 |a eng 
082 0 |a 337.142 
245 1 4 |a The European internal market :  |b trade and competition : selected readings /  |c edited by Alexis Jacquemin, Andre Sapir 
260 |a Oxford :   |b Oxford University Press,   |c 1989 
300 |a 382 p. 
610 2 0 |a European Economic Community. 
650 0 0 |a Trade regulation  |z European Economic Community countries. 
651 0 |a Europe  |x Economic integration. 
651 0 |a European Economic Community countries  |x Commerce. 
700 1 |a Jacquemin, Alex.  |4 edt 
700 1 |a Sapir, Andre.  |4 edt 
852 |a INST  |b RHODES  |e 20020524  |h 337.142 EUR  |p 005400016482  |q 005400016482  |t BK  |y 0 
901 |a BIBL4-2002-1 
909 |a Ρ  |b 101091 
970 |a ΚΟΥΛΑΚΙΟΤΗ  |b ΛΙΤΣΑ  |z 2002/05/24